Las actitudes en el centro escolar : reflexiones y propuestas /

Exposición sobre las actitudes y la forma de trabajarlas en el contexto escolar, cuya autora primero explica las características, potencialidades y el papel que juegan las actitudes dentro de la personalidad de cada individuo, así como las particularidades de su aprendizaje, y formula posteriormente...

Deskribapen osoa

Gorde:
Xehetasun bibliografikoak
Egile nagusia: Guitart Aced, Rosa (autor)
Formatua: Liburua
Hizkuntza:gaztelania
Argitaratua: Barcelona, España : Graó, 2002, c2002
Saila:(Graó ; Biblioteca de Aula.Temas Transversales) 171.
Gaiak:
Etiketak: Etiketa erantsi
Etiketarik gabe, Izan zaitez lehena erregistro honi etiketa jartzen!

MARC

LEADER 00000nam^a2200000^a^4500
001 000196297
005 20250521000000.0
009 20260310102820.989
020 |a 84-7827-275-5 
037 |a Acervo ITESO - Biblioteca 
041 |a ESP 
082 |a 370. 15  |b GUI 
100 |a Guitart Aced, Rosa  |e (autor) 
245 1 4 |a Las actitudes en el centro escolar :  |b reflexiones y propuestas /  |c R. Guitart Aced. 
264 4 |a Barcelona, España :  |b Graó,  |c 2002, c2002 
300 |a 201 p. 
336 |a texto  |b txt  |2 rdacontenido 
337 |a sin mediación  |b n  |2 rdamedio 
338 |a volumen  |b nc  |2 rdasoporte 
440 1 |a (Graó ;  |v 171.  |p Biblioteca de Aula.Temas Transversales) 
520 |a Exposición sobre las actitudes y la forma de trabajarlas en el contexto escolar, cuya autora primero explica las características, potencialidades y el papel que juegan las actitudes dentro de la personalidad de cada individuo, así como las particularidades de su aprendizaje, y formula posteriormente una propuesta, que parte de una concepción determinada de la educación y más concretamente de la educación cívico-moral, para abordar las actitudes desde el currículo y el trabajo institucional en los centros educativos. 
649 |a XX 
650 |a Actitudes -  |x Estudio y Enseñanza -  |x Tema Principal 
650 |a Metodología Educativa 
650 |a Proceso Educativo 
650 |a Currículo 
650 |a Administración Educativa 
650 |a Psicología Educativa 
650 |a Educación Cívica 
650 |a Axiología de la Educación 
650 |a Filosofía de la Educación 
650 |a Educación 
910 |a Fondo General 
920 |a Impresos - Libros 
930 |a Colección General 
905 |a 101 
901 |a 0500142425  |b IT1  |c ACC  |u 20250521 
902 |a https://opac.biblio.iteso.mx/vufind/Record/000196297